Meistertrainer der Bundesliga - Statistiken

Allgemein
  • Dieses Quiz wurde 530 mal gespielt
    237 seit der letzten Aktualisierung
  • Das Durchschnittsergebnis liegt bei 41 aus 62
Antwortstatistiken
Saison Team Meistertrainer % Korrekt
2023/24 Bayer 04 Leverkusen Xabi Alonso
99%
2011/12 Borussia Dortmund  Jürgen Klopp
97%
2010/11 Borussia Dortmund  Jürgen Klopp
97%
2015/16 FC Bayern München  Pep Guardiola
97%
2014/15 FC Bayern München  Pep Guardiola
97%
2013/14 FC Bayern München  Pep Guardiola
97%
2024/25 FC Bayern München Vincent Kompany
97%
2020/21 FC Bayern München  Hansi Flick
96%
2019/20 FC Bayern München  Hansi Flick
96%
2022/23 FC Bayern München  Thomas Tuchel
96%
2017/18 FC Bayern München  Jupp Heynckes
95%
2012/13 FC Bayern München  Jupp Heynckes
95%
1989/90 FC Bayern München  Jupp Heynckes
95%
1988/89 FC Bayern München  Jupp Heynckes
95%
2021/22 FC Bayern München  Julian Nagelsmann
92%
2016/17 FC Bayern München  Carlo Ancelotti
89%
2018/19 FC Bayern München  Niko Kovač
88%
2008/09 VfL Wolfsburg  Felix Magath
86%
2005/06 FC Bayern München  Felix Magath
86%
2004/05 FC Bayern München  Felix Magath
86%
2003/04 Werder Bremen  Thomas Schaaf
79%
2009/10 FC Bayern München  Louis van Gaal
78%
2007/08 FC Bayern München  Ottmar Hitzfeld
76%
2002/03 FC Bayern München  Ottmar Hitzfeld
76%
2000/01 FC Bayern München  Ottmar Hitzfeld
76%
1999/00 FC Bayern München  Ottmar Hitzfeld
76%
1998/99 FC Bayern München  Ottmar Hitzfeld
76%
1995/96 Borussia Dortmund  Ottmar Hitzfeld
76%
1994/95 Borussia Dortmund  Ottmar Hitzfeld
76%
1997/98 1. FC Kaiserslautern  Otto Rehhagel
75%
1992/93 Werder Bremen  Otto Rehhagel
75%
1987/88 Werder Bremen  Otto Rehhagel
75%
1993/94 FC Bayern München  Franz Beckenbauer
71%
2001/02 Borussia Dortmund  Matthias Sammer
64%
1986/87 FC Bayern München  Udo Lattek
63%
1985/86 FC Bayern München  Udo Lattek
63%
1984/85 FC Bayern München  Udo Lattek
63%
1976/77 Borussia Mönchengladbach  Udo Lattek
63%
1975/76 Borussia Mönchengladbach  Udo Lattek
63%
1973/74 FC Bayern München  Udo Lattek
63%
1972/73 FC Bayern München  Udo Lattek
63%
1971/72 FC Bayern München  Udo Lattek
63%
2006/07 VfB Stuttgart  Armin Veh
60%
1996/97 FC Bayern München  Giovanni Trapattoni
58%
1977/78 1. FC Köln  Hennes Weisweiler
48%
1974/75 Borussia Mönchengladbach  Hennes Weisweiler
48%
1970/71 Borussia Mönchengladbach  Hennes Weisweiler
48%
1969/70 Borussia Mönchengladbach  Hennes Weisweiler
48%
1991/92 VfB Stuttgart  Christoph Daum
43%
1982/83 Hamburger SV  Ernst Happel
39%
1981/82 Hamburger SV  Ernst Happel
39%
1967/68 1. FC Nürnberg  Max Merkel
31%
1965/66 TSV 1860 München  Max Merkel
31%
1978/79 Hamburger SV  Branko Zebec
23%
1968/69 FC Bayern München  Branko Zebec
23%
1990/91 1. FC Kaiserslautern  Karl-Heinz Feldkamp
23%
1980/81 FC Bayern München  Pál Csernai
22%
1979/80 FC Bayern München  Pál Csernai
22%
1983/84 VfB Stuttgart  Helmut Benthaus
12%
1964/65 Werder Bremen  Willi Multhaup
10%
1963/64 1. FC Köln  Georg Knöpfle
8%
1966/67 Eintracht Braunschweig  Helmuth Johannsen
8%
Keine übereinstimmenden Quizze gefunden
Verteilung der Resultate
Anzahl Personen mit jedem Resultat
Perzentil nach korrekt beantworteten Fragen
Ihre Resultats-Entwicklung
Sie haben dieses Quiz seit der letzten Aktualisierung nicht gespielt